000 02212nam a2200157 4500
008 702.81 B344t
020 _a9783863359232
082 _a702.81
_bB344t
100 _aBauer, Ute Meta (edición)
_96849
245 _aTheatrical fields: critical strategies in performance, film and video
260 _aSingapur
_bNTU Centre for Contemporary Art Singapore
_c2016
300 _a206 p.
_bill
_c26,5 x 20.5 cm
505 _tIntroduction
_rAlan K.L. Chan
_tForeword
_rUte Meta Bauer
_tForeword
_rKatarina Pierre
_tARTISTIC PRACTICES AND THEATRICALITY
_tTheatricality Fields: Theory, theater, theatricality
_rUte Meta Bauer
_tLife of theater? Events so far
_rEva Meyer
_tJoan Jonas and the Scene of time
_rMarina Warner
_tScreening theatrical fields: toward a certain uncertain futurity
_rTimothy Murray
_tMuseum and moving images
_rGiuliana Bruno
_tOn showing: the delictic gesture in Ulrike Ottinger´s work
_rKatharina Sykora
_tTHEORY AND THEATRICALITY
_tA short organum for the theater
_rBertolt Brecht
_tRabelais and his world
_rMikhail Bakhtin
_tThe theater of cruelty and the closure of representation
_rJacques Derrida
_tPerfomance and theatricality: the subject desmytified
_rJosette Féral
_tThe disposition of the voice
_rRégis Durand
_tOn the balinese theater
_rAntonin Artaud
_tThe tooth, the palm
_rJean-François Lyotard
_tCONVERSATIONS ON THEATRICALITY
_tRepetition and possesion
_tTime
_tTheater and theatricality
_tSound, voice, and language
_tInstallation and representation
_tTHEATRICAL FIELDS
_tTheatrical fields at Bildmuseet
_tTheatrical fields at NTU CCA Singapore
_tTheatrical fields public programs
_tVoice off
_rJudith Barry
_tSuspiria
_rStan Douglas
_tSister Squares
_rMarcel Dzama
_tStilleben
_rMarie-Louise Ekman
_tLines in the sand
_rJoan Jonas
_tVagabondia
_rIsaac Julien
_tShe might belong to you / she migth (combination #1)
_rEva Meyer & Eran Schaerf
_tFreak Orlando / Johanna D´Arc of Mongolia
_rUlrike Ottinger
_t X characters / Re(hers)al
_rConstanze Ruhm
_tArtists Biographies
_tExhibition credits
650 _xarte contemporáneo
_xarte - performance
_xteatro
_xestética
_xarte - teatralidad
_xNTU Centre for Contemporary Art Singapore
_xvideoarte
_96850
700 _aRujoiu, Anca (edición)
_96851
999 _c1700
_d1700